[Event "Southern California State Championship"]
[Site "Whittier, CA (USA)"]
[Date "2017.07.06"]
[Round "1"]
[White "Clawitter, Craig"]
[Black "Bryant, John Daniel"]
[Result "0-1"]
[WhiteElo "2176"]
[BlackElo "2566"]
[PlyCount "64"]
[EventDate "2017.07.??"]
[EventRounds "7"]
[EventCountry "USA"]
[SourceDate "2017.07.06"]

1. e4 e5 2. Nf3 Nc6 3. Bb5 Nf6 4. d3 d6 5. c3 Bd7 6. O-O g6 7. Re1 Bg7 8. d4 a6
9. Bxc6 Bxc6 10. dxe5 Nxe4 11. exd6 O-O 12. Bf4 cxd6 13. Nbd2 Nxd2 14. Nxd2 Qf6
15. Qg4 h5 16. Qg5 Rfe8 17. f3 Qxg5 18. Bxg5 b5 19. Nb3 Re6 20. Rad1 Bd5 21.
Be3 Bc4 22. Bf2 Bf8 23. Nd4 Rxe1+ 24. Rxe1 Bxa2 25. b3 Bg7 26. Re7 Rc8 27. Ne2
Bxb3 28. Ra7 Bc4 29. Nd4 Bd3 30. Rxa6 b4 31. Rc6 Rxc6 32. Nxc6 b3 0-1

[Event "Southern California State Championship"]
[Site "Whittier, CA (USA)"]
[Date "2017.07.06"]
[Round "1"]
[White "Kukavica, Tony"]
[Black "Peters, Jack"]
[Result "0-1"]
[WhiteElo "2155"]
[BlackElo "2420"]
[PlyCount "82"]
[EventDate "2017.07.??"]
[EventRounds "7"]
[EventCountry "USA"]
[SourceDate "2017.07.06"]

1. c4 c5 2. g3 Nf6 3. Nf3 d5 4. cxd5 Nxd5 5. Bg2 Nc6 6. Nc3 Nc7 7. O-O e5 8. d3
Be7 9. Be3 O-O 10. Rc1 Bd7 11. Na4 b6 12. Nd2 Rc8 13. Nc3 Ne6 14. f4 exf4 15.
gxf4 Ned4 16. Nf3 Bf6 17. Bf2 Bg4 18. Bg3 Re8 19. e4 Qd7 20. Qd2 Nxf3+ 21. Bxf3
Bxc3 22. Qxc3 Nd4 23. Bxg4 Qxg4 24. Rf2 Ne2+ 25. Rxe2 Qxe2 26. Re1 Qg4 27. f5
c4 28. f6 Qf3 29. d4 Qxf6 30. e5 Qc6 31. Rf1 Qd5 32. Rf4 Rc6 33. Qc2 Rg6 34.
Qa4 Re7 35. Qa6 Rc7 36. Qa4 Rd7 37. Qc2 b5 38. Kf2 b4 39. h4 h5 40. Qd2 a5 41.
Qe2 Rg4 0-1

[Event "Southern California State Championship"]
[Site "Whittier, CA (USA)"]
[Date "2017.07.06"]
[Round "1"]
[White "Kavutskiy, Konstantin"]
[Black "Hilby, Craig"]
[Result "1/2-1/2"]
[WhiteElo "2456"]
[BlackElo "2478"]
[PlyCount "58"]
[EventDate "2017.07.??"]
[EventRounds "7"]
[EventCountry "USA"]
[SourceDate "2017.07.06"]

1. d4 Nf6 2. c4 g6 3. Nf3 Bg7 4. e3 O-O 5. Be2 c5 6. d5 d6 7. O-O e6 8. Nc3
exd5 9. cxd5 Na6 10. Nd2 Nc7 11. e4 Re8 12. a4 Rb8 13. Re1 a6 14. a5 Bd7 15. f3
Nh5 16. Nc4 Bd4+ 17. Be3 Bxe3+ 18. Nxe3 Nb5 19. Nxb5 axb5 20. b4 Qg5 21. Bf1 f5
22. bxc5 fxe4 23. fxe4 Rxe4 24. c6 Nf4 25. Qc2 bxc6 26. dxc6 Bxc6 27. Qxc6 Nh3+
28. Kh1 Nf2+ 29. Kg1 Nh3+ 1/2-1/2

[Event "Southern California State Championship"]
[Site "Whittier, CA (USA)"]
[Date "2017.07.07"]
[Round "2"]
[White "Bryant, John Daniel"]
[Black "Kukavica, Tony"]
[Result "1-0"]
[WhiteElo "2566"]
[BlackElo "2155"]
[PlyCount "103"]
[EventDate "2017.07.??"]
[EventRounds "7"]
[EventCountry "USA"]
[SourceDate "2017.07.06"]

1. e4 c5 2. c3 d5 3. exd5 Qxd5 4. d4 Nf6 5. Nf3 e6 6. Na3 Nc6 7. Be2 Be7 8. Nb5
Qd8 9. dxc5 O-O 10. Nd6 Qc7 11. Bf4 Rd8 12. Qc1 e5 13. Nxe5 Nxe5 14. Bxe5 Qxc5
15. Bxf6 Qxd6 16. Bxe7 Qxe7 17. Qe3 Qxe3 18. fxe3 Be6 19. Bf3 Rd7 20. Rd1 Re7
21. b3 Rae8 22. Kf2 g5 23. Rd4 Rc7 24. Rc1 Rec8 25. Ke2 Rxc3 26. Rxc3 Rxc3 27.
Bxb7 a5 28. Kd2 Rc7 29. Bd5 Bd7 30. Rc4 Ra7 31. Kc3 Kf8 32. Kd4 Ke7 33. Kc5 Ra6
34. Re4+ Kf8 35. Rd4 Ke7 36. a3 g4 37. Re4+ Kf8 38. Rf4 Rh6 39. Rxf7+ Ke8 40.
e4 Rxh2 41. e5 Rh6 42. b4 axb4 43. axb4 Kd8 44. b5 Be8 45. Rg7 Bxb5 46. Kxb5
Rh5 47. Kc5 Rxe5 48. Kd6 Re3 49. Rd7+ Ke8 50. Rg7 Kd8 51. Rg8+ Re8 52. Rxg4 1-0

[Event "Southern California State Championship"]
[Site "Whittier, CA (USA)"]
[Date "2017.07.07"]
[Round "2"]
[White "Lu, Albert"]
[Black "Kavutskiy, Konstantin"]
[Result "1-0"]
[WhiteElo "2456"]
[BlackElo "2391"]
[PlyCount "89"]
[EventDate "2017.07.??"]
[EventRounds "7"]
[EventCountry "USA"]
[SourceDate "2017.07.06"]

1. d4 Nf6 2. c4 g6 3. Nc3 Bg7 4. Bg5 d6 5. Nf3 O-O 6. e3 c5 7. Be2 h6 8. Bh4 g5
9. Bg3 Nh5 10. Qc2 g4 11. Nh4 cxd4 12. exd4 Nc6 13. d5 Nd4 14. Qd2 Qe8 15. O-O
f5 16. Bd3 Qf7 17. Rae1 Qf6 18. f3 gxf3 19. Nxf3 Nxg3 20. hxg3 Nxf3+ 21. Rxf3
Qd4+ 22. Kf1 Rf7 23. Rb1 e6 24. Ne2 Qf6 25. dxe6 Bxe6 26. Nf4 Rc8 27. b3 Rc5
28. Kg1 Bd7 29. Kh2 Qg5 30. b4 Rc8 31. c5 d5 32. Bc2 Bb5 33. Bb3 Bc4 34. Bxc4
dxc4 35. Qd5 c3 36. Ne6 Qh5+ 37. Kg1 Bf6 38. Rxf5 Qg6 39. Kh2 Bh4 40. Rxf7
Bxg3+ 41. Kh3 Qxf7 42. Kxg3 Kh8 43. Qd4+ Kh7 44. Qd3+ Kh8 45. Qxc3+ 1-0

[Event "Southern California State Championship"]
[Site "Whittier, CA (USA)"]
[Date "2017.07.05"]
[Round "2"]
[White "Peters, Jack"]
[Black "Kiewra, Keaton"]
[Result "1/2-1/2"]
[WhiteElo "2420"]
[BlackElo "2498"]
[PlyCount "65"]
[EventDate "2017.07.??"]
[EventRounds "7"]
[EventCountry "USA"]
[SourceDate "2017.07.06"]

1. e4 c5 2. Nf3 e6 3. d4 cxd4 4. Nxd4 Nc6 5. Nc3 a6 6. Qd3 Qc7 7. Nxc6 bxc6 8.
Qg3 Qxg3 9. hxg3 d5 10. g4 Bc5 11. g5 f6 12. Bd3 fxg5 13. exd5 cxd5 14. Rxh7
Rxh7 15. Bxh7 Nf6 16. Bg6+ Kd7 17. Bxg5 Ng4 18. Ke2 a5 19. Bd3 Nxf2 20. Bb5+
Kd6 21. Rf1 d4 22. Na4 Ne4 23. Bh4 g5 24. Bd3 Ba6 25. Be1 Bb4 26. Rf7 Bxe1 27.
Kxe1 Bxd3 28. cxd3 Nc5 29. Nxc5 Kxc5 30. Kd2 Kd5 31. Rg7 Rf8 32. Rxg5+ e5 33.
Rg7 1/2-1/2

[Event "Southern California State Championship"]
[Site "Whittier, CA (USA)"]
[Date "2017.07.07"]
[Round "2"]
[White "Hilby, Craig"]
[Black "Clawitter, Craig"]
[Result "1-0"]
[WhiteElo "2478"]
[BlackElo "2155"]
[PlyCount "63"]
[EventDate "2017.07.??"]
[EventRounds "7"]
[EventCountry "USA"]
[SourceDate "2017.07.06"]

1. e4 e6 2. d4 d5 3. Nc3 Bb4 4. e5 c5 5. a3 Bxc3+ 6. bxc3 Ne7 7. Qg4 cxd4 8.
Qxg7 Rg8 9. Qxh7 Qc7 10. Ne2 Nbc6 11. f4 dxc3 12. Qd3 d4 13. Nxd4 Nxd4 14. Qxd4
Bd7 15. Rg1 Nf5 16. Qf2 Qc6 17. Bd3 Qd5 18. Be3 Nxe3 19. Qxe3 Rxg2 20. Rxg2
Qxg2 21. O-O-O Qxh2 22. Qd4 O-O-O 23. Be4 Qh4 24. Qxc3+ Bc6 25. Bxc6 Rxd1+ 26.
Kxd1 Qd8+ 27. Ke2 bxc6 28. Qxc6+ Kb8 29. Qd6+ Qxd6 30. exd6 Kb7 31. c4 Kc6 32.
c5 1-0

[Event "Southern California State Championship"]
[Site "Whittier, CA (USA)"]
[Date "2017.07.07"]
[Round "3"]
[White "Peters, Jack"]
[Black "Bryant, John Daniel"]
[Result "1-0"]
[WhiteElo "2420"]
[BlackElo "2566"]
[PlyCount "97"]
[EventDate "2017.07.??"]
[EventRounds "7"]
[EventCountry "USA"]
[SourceDate "2017.07.06"]

1. e4 e5 2. Nf3 Nc6 3. Bb5 Nf6 4. d3 d6 5. c3 Bd7 6. O-O g6 7. Re1 Bg7 8. d4 a6
9. Bf1 O-O 10. d5 Ne7 11. c4 Ne8 12. Nc3 f5 13. b4 Nf6 14. c5 h6 15. Nd2 Kh8
16. a4 g5 17. Ba3 fxe4 18. Ndxe4 Nf5 19. b5 axb5 20. cxd6 cxd6 21. Bxb5 Nxe4
22. Nxe4 Bxb5 23. axb5 Qb6 24. Qd3 Ra4 25. Kh1 Rfa8 26. Bb2 Ne7 27. Qb3 Rxa1
28. Rxa1 Rxa1+ 29. Bxa1 Qc7 30. Bb2 Qd7 31. h3 g4 32. hxg4 Qxg4 33. Nxd6 b6 34.
Kg1 Ng6 35. Ne8 Nf4 36. g3 Nh3+ 37. Kf1 Qf5 38. Qe3 Qb1+ 39. Kg2 h5 40. Qf3
Nf4+ 41. gxf4 Qg6+ 42. Qg3 Qxe8 43. Bxe5 Bxe5 44. fxe5 Qxb5 45. Qf3 Qe8 46.
Qf6+ Kh7 47. e6 b5 48. d6 b4 49. Qe7+ 1-0

[Event "Southern California State Championship"]
[Site "Whittier, CA (USA)"]
[Date "2017.07.07"]
[Round "3"]
[White "Kiewra, Keaton"]
[Black "Kavutskiy, Konstantin"]
[Result "1-0"]
[WhiteElo "2498"]
[BlackElo "2456"]
[PlyCount "61"]
[EventDate "2017.07.??"]
[EventRounds "7"]
[EventCountry "USA"]
[SourceDate "2017.07.06"]

1. d4 Nf6 2. Nf3 g6 3. c4 Bg7 4. Nc3 d6 5. e4 O-O 6. Be2 Nbd7 7. Be3 e5 8. d5
Ne8 9. g4 Nc5 10. Nd2 Qh4 11. Rg1 a5 12. Qc2 Qe7 13. O-O-O f5 14. gxf5 gxf5 15.
Bxc5 dxc5 16. exf5 Nd6 17. Nde4 Nxf5 18. Bg4 Ra6 19. d6 cxd6 20. Nd5 Qh4 21.
Rd3 Kh8 22. Rh3 Qd8 23. Rh5 b5 24. Qd3 Nh6 25. Bxc8 Qxc8 26. cxb5 Ra7 27. b6
Raf7 28. Nxd6 e4 29. Qxe4 Qc6 30. Nxf7+ Rxf7 31. Re1 1-0

[Event "Southern California State Championship"]
[Site "Whittier, CA (USA)"]
[Date "2017.07.07"]
[Round "3"]
[White "Kukavica, Tony"]
[Black "Hilby, Craig"]
[Result "0-1"]
[WhiteElo "2155"]
[BlackElo "2478"]
[PlyCount "188"]
[EventDate "2017.07.??"]
[EventRounds "7"]
[EventCountry "USA"]
[SourceDate "2017.07.06"]

1. Nf3 Nf6 2. g3 b5 3. Bg2 Bb7 4. d3 e6 5. e4 d6 6. O-O Be7 7. c3 c5 8. Bg5
Nbd7 9. Qb3 Bc6 10. Nbd2 O-O 11. Rfe1 h6 12. Bxf6 Bxf6 13. d4 c4 14. Qc2 e5 15.
a4 a6 16. axb5 axb5 17. b3 cxb3 18. Qxb3 Ra4 19. Rxa4 bxa4 20. Qb4 Qb8 21. Qa5
Bd8 22. Qb4 Bc7 23. Qa3 Qa7 24. Nc4 Rb8 25. Bh3 Rb3 26. Qa1 Nf6 27. Nfd2 Rb8
28. Bf1 Qa8 29. Bd3 Rd8 30. d5 Bd7 31. Qa3 Rc8 32. Rc1 Ne8 33. Ra1 Qa7 34. Kg2
Rb8 35. Bc2 Ra8 36. Nb2 Nf6 37. Nd3 h5 38. h3 g6 39. Rb1 Kg7 40. Re1 Rc8 41.
Rc1 Bb5 42. Rb1 Bxd3 43. Bxd3 Nd7 44. Bc2 Nc5 45. Nb3 Nd7 46. Nc1 Nc5 47. Nb3
Bb6 48. Nxc5 Bxc5 49. Qxa4 Bxf2 50. Qxa7 Bxa7 51. Rb3 Bc5 52. Bb1 Rc7 53. Kf3
Ra7 54. Ke2 Kh6 55. Kf3 Kg5 56. h4+ Kh6 57. Kg2 f6 58. c4 Ra4 59. Rf3 Kg7 60.
Bd3 Ra2+ 61. Kf1 Rb2 62. Be2 Rd2 63. Rd3 Rc2 64. Rf3 Rc1+ 65. Kg2 Rg1+ 66. Kh2
Re1 67. Bd3 Rd1 68. Kg2 g5 69. hxg5 fxg5 70. Be2 Rg1+ 71. Kh2 Kg6 72. Rf1 Rxf1
73. Bxf1 g4 74. Kg2 Kg5 75. Be2 Bb4 76. Kf2 Bc3 77. Kg2 Be1 78. Bd3 h4 79.
gxh4+ Bxh4 80. Bc2 Kf4 81. Bb1 Be1 82. Bc2 Ke3 83. Bd1 g3 84. Bf3 Bf2 85. c5
dxc5 86. d6 Be1 87. d7 Ba5 88. Kxg3 Kd2 89. Bh5 c4 90. Bf7 c3 91. Bb3 c2 92.
Bxc2 Kxc2 93. Kg4 Kd3 94. Kf5 Kd4 0-1

[Event "Southern California State Championship"]
[Site "Whittier, CA (USA)"]
[Date "2017.07.07"]
[Round "3"]
[White "Clawitter, Craig"]
[Black "Lu, Albert"]
[Result "0-1"]
[WhiteElo "2176"]
[BlackElo "2391"]
[PlyCount "102"]
[EventDate "2017.07.??"]
[EventRounds "7"]
[EventCountry "USA"]
[SourceDate "2017.07.06"]

1. e4 e5 2. Nf3 Nc6 3. Bb5 a6 4. Ba4 Nf6 5. O-O Be7 6. Re1 b5 7. Bb3 d6 8. c3
O-O 9. h3 Nb8 10. d4 Nbd7 11. Nbd2 Bb7 12. Bc2 Re8 13. Nf1 Bf8 14. Ng3 g6 15.
a4 c6 16. Bg5 h6 17. Be3 Qc7 18. Qd2 Kh7 19. Nh2 Rad8 20. f4 c5 21. axb5 axb5
22. d5 exf4 23. Bxf4 Ne5 24. Qf2 Bg7 25. Nf3 Nfd7 26. Rf1 Re7 27. Ra7 Nxf3+ 28.
Qxf3 Ne5 29. Qe2 Qb6 30. Rfa1 Ree8 31. Qf2 Kg8 32. Nf1 Ra8 33. Rxa8 Rxa8 34.
Rxa8+ Bxa8 35. Nd2 Qa5 36. Qf1 Bb7 37. Nb3 Qb6 38. Qf2 Ba6 39. Kh2 b4 40. cxb4
Qxb4 41. Bd2 Qb8 42. Bc3 Nd3 43. Qd2 Ne5 44. Qf4 Bd3 45. Qd2 Bxe4 46. Bxe4 Qxb3
47. Kg1 Nc4 48. Qf4 Bxc3 49. bxc3 Qxc3 50. Kh1 Qa1+ 51. Kh2 Qe5 0-1

[Event "Southern California State Championship"]
[Site "Whittier, CA (USA)"]
[Date "2017.07.08"]
[Round "4"]
[White "Lu, Albert"]
[Black "Kukavica, Tony"]
[Result "1-0"]
[WhiteElo "2405"]
[BlackElo "2170"]
[PlyCount "95"]
[EventDate "2017.07.??"]
[EventRounds "7"]
[EventCountry "USA"]
[SourceDate "2017.07.06"]

1. d4 Nf6 2. c4 g6 3. Nc3 d5 4. Bg5 Ne4 5. Bh4 Nxc3 6. bxc3 dxc4 7. e3 Be6 8.
Nf3 Nd7 9. Be2 Bg7 10. O-O Nb6 11. a4 a5 12. Qc1 O-O 13. Qa3 Re8 14. Rfb1 Bf5
15. Rb2 Qd6 16. Bg3 Qc6 17. Rb5 Rec8 18. Nd2 e5 19. Bxe5 Bxe5 20. Rxe5 Qd6 21.
Nxc4 Qxa3 22. Rxa3 Nxc4 23. Bxc4 Re8 24. Rxe8+ Rxe8 25. Rb3 b6 26. Bb5 Rd8 27.
f3 Be6 28. Rb2 Kf8 29. e4 Ke7 30. Kf2 Kd6 31. Ke3 Ra8 32. d5 Bc8 33. Bc6 Rb8
34. Kd4 Bd7 35. e5+ Ke7 36. Bxd7 Kxd7 37. c4 c6 38. f4 Rb7 39. g4 Rb8 40. f5
Rb7 41. e6+ fxe6 42. dxe6+ Kd6 43. Ke4 g5 44. Rd2+ Ke7 45. Ke5 b5 46. f6+ Ke8
47. f7+ Ke7 48. Rd7+ 1-0

[Event "Southern California State Championship"]
[Site "Whittier, CA (USA)"]
[Date "2017.07.08"]
[Round "4"]
[White "Bryant, John Daniel"]
[Black "Kiewra, Keaton"]
[Result "1-0"]
[WhiteElo "2562"]
[BlackElo "2508"]
[PlyCount "91"]
[EventDate "2017.07.??"]
[EventRounds "7"]
[EventCountry "USA"]
[SourceDate "2017.07.06"]

1. e4 c5 2. c3 Nf6 3. e5 Nd5 4. Bc4 Nb6 5. Bb3 c4 6. Bc2 Nc6 7. Nf3 d5 8. exd6
e5 9. O-O Be6 10. Re1 Qxd6 11. Qe2 f6 12. Na3 Qd7 13. b3 cxb3 14. axb3 Nd5 15.
Nc4 Rd8 16. Qe4 Be7 17. Ne3 g6 18. Nxd5 Bxd5 19. Qe2 O-O 20. d3 Rfe8 21. Be3 a6
22. Nd2 Bf8 23. Bb6 Rc8 24. Nc4 Ne7 25. Ba5 Qc6 26. Nb6 Bxg2 27. Nxc8 Rxc8 28.
d4 Nd5 29. dxe5 b6 30. Qg4 Bh1 31. Bf5 Rc7 32. c4 Nf4 33. Bxb6 Rg7 34. Be4 Bxe4
35. Qxf4 Bh1 36. Qg3 fxe5 37. Rxa6 Rd7 38. Raa1 Rf7 39. h3 Rf3 40. Qh2 Qxb6 41.
Kxh1 Rxf2 42. Qxe5 Bd6 43. Ra8+ Kf7 44. Qe6+ Kg7 45. Rg8+ Kh6 46. Qe3+ 1-0

[Event "Southern California State Championship"]
[Site "Whittier, CA (USA)"]
[Date "2017.07.08"]
[Round "4"]
[White "Kavutskiy, Konstantin"]
[Black "Clawitter, Craig"]
[Result "0-1"]
[WhiteElo "2456"]
[BlackElo "2197"]
[PlyCount "92"]
[EventDate "2017.07.??"]
[EventRounds "7"]
[EventCountry "USA"]
[SourceDate "2017.07.06"]

1. d4 Nf6 2. c4 c6 3. Nf3 d5 4. Qc2 e6 5. Bg5 dxc4 6. Qxc4 b5 7. Qc2 Bb7 8.
Nbd2 Nbd7 9. e4 Qb6 10. a4 a6 11. Be2 Rc8 12. Qb3 h6 13. Bf4 Be7 14. O-O O-O
15. Rfe1 Rfd8 16. h3 Bf8 17. Bg3 c5 18. axb5 axb5 19. Bxb5 cxd4 20. Nc4 Qc5 21.
Nfd2 Qb4 22. Ra7 Bc6 23. Bxc6 Rxc6 24. Qd3 Rxc4 25. Qxc4 Qxd2 26. f3 d3 27.
Raa1 Qg5 28. Qc7 Nh5 29. Bh2 Qc5+ 30. Qxc5 Bxc5+ 31. Kf1 Nb6 32. b3 Rd7 33.
Red1 Be3 34. g4 Nf4 35. Bxf4 Bxf4 36. Kf2 d2 37. Ke2 Rc7 38. Ra6 Nd7 39. b4 Rb7
40. Ra8+ Kh7 41. Rb1 Rc7 42. Rd1 Rc3 43. Raa1 Ne5 44. Rf1 Nd3 45. Rab1 Nc1+ 46.
Kd1 Na2 0-1

[Event "Southern California State Championship"]
[Site "Whittier, CA (USA)"]
[Date "2017.07.08"]
[Round "4"]
[White "Hilby, Craig"]
[Black "Peters, Jack"]
[Result "1-0"]
[WhiteElo "2483"]
[BlackElo "2442"]
[PlyCount "49"]
[EventDate "2017.07.??"]
[EventRounds "7"]
[EventCountry "USA"]
[SourceDate "2017.07.06"]

1. e4 c5 2. Nf3 d6 3. d4 cxd4 4. Nxd4 Nf6 5. Nc3 Nc6 6. Bg5 e6 7. Qd2 a6 8.
O-O-O Bd7 9. f3 h6 10. Nxc6 Bxc6 11. Bf4 d5 12. Qe1 Qe7 13. Bg3 Rd8 14. exd5
Nxd5 15. Bc4 Qc5 16. Bxd5 Bxd5 17. Bf2 Qc4 18. Rd4 Qc6 19. Qe5 Be7 20. Qxg7 Rf8
21. Rhd1 Bc5 22. Rxd5 exd5 23. Qe5+ Be7 24. Nxd5 Rd7 25. Nxe7 1-0

[Event "Southern California State Championship"]
[Site "Whittier, CA (USA)"]
[Date "2017.07.08"]
[Round "5"]
[White "Peters, Jack"]
[Black "Lu, Albert"]
[Result "1/2-1/2"]
[WhiteElo "2442"]
[BlackElo "2405"]
[PlyCount "106"]
[EventDate "2017.07.??"]
[EventRounds "7"]
[EventCountry "USA"]
[SourceDate "2017.07.06"]

1. e4 e5 2. Nf3 Nc6 3. Bb5 a6 4. Ba4 Nf6 5. O-O Be7 6. Re1 b5 7. Bb3 d6 8. c3
O-O 9. h3 Nb8 10. d4 Nbd7 11. Nbd2 Bb7 12. Bc2 Re8 13. b3 Bf8 14. Bb2 g6 15. a4
c6 16. b4 Bg7 17. Nb3 Qc7 18. Na5 d5 19. Nxe5 Nxe4 20. Bxe4 dxe4 21. Nxd7 Qxd7
22. Nb3 f5 23. Nc5 Qf7 24. Bc1 Bc8 25. Bf4 Be6 26. Qd2 Bd5 27. Ra3 Ra7 28. Rea1
Rea8 29. Qe3 a5 30. axb5 axb4 31. cxb4 cxb5 32. Rxa7 Rxa7 33. Ra5 Bc4 34. Bb8
Rxa5 35. bxa5 Qe8 36. Bc7 Qe7 37. Bf4 Qd8 38. a6 Bxd4 39. Qd2 Qd5 40. Be3 Bxc5
41. Qxd5+ Bxd5 42. Bxc5 Kf7 43. Kf1 Ke6 44. Ke2 f4 45. h4 Bc6 46. Kd2 Kf5 47.
Be7 Kg4 48. Kc3 Ba8 49. a7 Bb7 50. Bg5 e3 51. fxe3 fxe3 52. Kd3 Bxg2 53. Kxe3
h6 1/2-1/2

[Event "Southern California State Championship"]
[Site "Whittier, CA (USA)"]
[Date "2017.07.08"]
[Round "5"]
[White "Kukavica, Tony"]
[Black "Kavutskiy, Konstantin"]
[Result "0-1"]
[WhiteElo "2155"]
[BlackElo "2456"]
[PlyCount "130"]
[EventDate "2017.07.??"]
[EventRounds "7"]
[EventCountry "USA"]
[SourceDate "2017.07.06"]

1. Nf3 Nf6 2. g3 g6 3. Bg2 Bg7 4. O-O O-O 5. d4 d6 6. a4 a5 7. Nc3 d5 8. b3 Na6
9. Bb2 c6 10. Re1 Ne4 11. Ne5 f6 12. Nd3 f5 13. e3 Be6 14. f3 Nxc3 15. Bxc3 c5
16. Qd2 b6 17. Rac1 Rc8 18. f4 Nb4 19. Nxb4 axb4 20. Bb2 Qd7 21. c3 bxc3 22.
Bxc3 c4 23. Qb2 Qd6 24. Ra1 Rb8 25. Ra3 Rfc8 26. b4 Bd7 27. Bf3 e6 28. Rea1 Bf8
29. Qd2 Qc7 30. R3a2 Bd6 31. Qg2 Ra8 32. Ra3 Bc6 33. Qc2 g5 34. fxg5 Qe7 35.
Qd2 Qxg5 36. Qf2 Rc7 37. R3a2 Kh8 38. a5 bxa5 39. Rxa5 Rb8 40. Qd2 Qe7 41. Ra6
Be8 42. Ra8 Rcb7 43. Rxb8 Rxb8 44. Rb1 Ba4 45. Bd1 Bxd1 46. Qxd1 Qg5 47. Qe1 h5
48. Kh1 Qg4 49. Rb2 Qe4+ 50. Rg2 Kh7 51. Qd1 Kh6 52. Qd2 Rg8 53. Qc2 Qg4 54.
Qe2 Rb8 55. Qxg4 fxg4 56. Rb2 Kg6 57. Kg2 Kf5 58. Kf2 Ke4 59. Ke2 h4 60. Be1
hxg3 61. hxg3 Rh8 62. Bf2 Rh2 63. b5 Bxg3 64. Ke1 Kf3 65. b6 Rxf2 0-1

[Event "Southern California State Championship"]
[Site "Whittier, CA (USA)"]
[Date "2017.07.08"]
[Round "5"]
[White "Kiewra, Keaton"]
[Black "Clawitter, Craig"]
[Result "1-0"]
[WhiteElo "2508"]
[BlackElo "2197"]
[PlyCount "71"]
[EventDate "2017.07.??"]
[EventRounds "7"]
[EventCountry "USA"]
[SourceDate "2017.07.06"]

1. e4 e6 2. d4 d5 3. Nd2 Be7 4. Bd3 c5 5. dxc5 Nf6 6. Qe2 O-O 7. Ngf3 a5 8. O-O
Na6 9. e5 Nd7 10. Nd4 Ndxc5 11. f4 Qb6 12. N2f3 Nxd3 13. cxd3 Bd7 14. Be3 Bc5
15. Rac1 Rfc8 16. g4 Qd8 17. f5 Be7 18. Rcd1 Rc7 19. Qf2 Qe8 20. Ng5 Bxg5 21.
Bxg5 Rac8 22. f6 Nb4 23. a3 Nc2 24. Nf3 d4 25. fxg7 Bc6 26. Qh4 f6 27. exf6
Bxf3 28. Rxf3 Qg6 29. Qh6 Ne3 30. Qxg6 hxg6 31. Bxe3 dxe3 32. Rxe3 Kf7 33. g5
Rc2 34. Rde1 R8c6 35. Rxe6 Rxe6 36. Rxe6 1-0

[Event "Southern California State Championship"]
[Site "Whittier, CA (USA)"]
[Date "2017.07.08"]
[Round "5"]
[White "Bryant, John Daniel"]
[Black "Hilby, Craig"]
[Result "1-0"]
[WhiteElo "2562"]
[BlackElo "2489"]
[PlyCount "81"]
[EventDate "2017.07.??"]
[EventRounds "7"]
[EventCountry "USA"]
[SourceDate "2017.07.06"]

1. d4 Nf6 2. c4 g6 3. Nc3 d5 4. cxd5 Nxd5 5. e4 Nxc3 6. bxc3 Bg7 7. Nf3 c5 8.
Be2 Nc6 9. Be3 Bg4 10. e5 O-O 11. O-O cxd4 12. cxd4 e6 13. h3 Bxf3 14. Bxf3 Qd7
15. Rc1 Rfc8 16. Qa4 Rc7 17. Bxc6 bxc6 18. Rc4 Bf8 19. Rfc1 Rac8 20. Bd2 Qd5
21. Ba5 Rd7 22. Rxc6 Rxc6 23. Rxc6 Qxd4 24. Qxd4 Rxd4 25. Rc8 h6 26. Bd8 Kh7
27. Bf6 Bg7 28. Rc7 Bxf6 29. exf6 g5 30. Rxf7+ Kg6 31. Rxa7 Kxf6 32. g4 Rd2 33.
a4 Ra2 34. a5 Kg6 35. Ra8 h5 36. gxh5+ Kxh5 37. a6 Kg6 38. a7 Kg7 39. Kf1 e5
40. f3 Kh7 41. Ke1 1-0

[Event "Southern California State Championship"]
[Site "Whittier, CA (USA)"]
[Date "2017.07.09"]
[Round "6"]
[White "Hilby, Craig"]
[Black "Kiewra, Keaton"]
[Result "1-0"]
[WhiteElo "2493"]
[BlackElo "2508"]
[PlyCount "89"]
[EventDate "2017.07.??"]
[EventRounds "7"]
[EventCountry "USA"]
[SourceDate "2017.07.06"]

1. e4 e6 2. d4 d5 3. Nc3 dxe4 4. Nxe4 Bd7 5. Nf3 Bc6 6. Bd3 Nd7 7. c4 Ngf6 8.
Nc3 Be7 9. O-O Bxf3 10. Qxf3 c6 11. Bf4 O-O 12. Rad1 Qa5 13. Rfe1 Rfe8 14. a3
Nf8 15. b4 Qd8 16. d5 Qc8 17. d6 Bd8 18. c5 Ng6 19. Bg3 Qd7 20. h4 Nf8 21. h5
h6 22. Be5 N6h7 23. g4 Bh4 24. Qh1 Qd8 25. b5 Nd7 26. bxc6 bxc6 27. Qxc6 Rc8
28. Bxh7+ Kxh7 29. Qe4+ f5 30. gxf5 Rxc5 31. fxe6+ Kh8 32. Bxg7+ Kxg7 33. Qg6+
Kh8 34. Qxh6+ Kg8 35. Qg6+ Kh8 36. Qh6+ Kg8 37. exd7 Bxf2+ 38. Kf1 Rxe1+ 39.
Rxe1 Bxe1 40. Qe6+ Kf8 41. Ne4 Rxh5 42. Kxe1 Rb5 43. Kf1 Rb8 44. Nf6 Kg7 45.
Ne8+ 1-0

[Event "Southern California State Championship"]
[Site "Whittier, CA (USA)"]
[Date "2017.07.09"]
[Round "6"]
[White "Lu, Albert"]
[Black "Bryant, John Daniel"]
[Result "1/2-1/2"]
[WhiteElo "2405"]
[BlackElo "2562"]
[PlyCount "38"]
[EventDate "2017.07.??"]
[EventRounds "7"]
[EventCountry "USA"]
[SourceDate "2017.07.06"]

1. Nf3 Nf6 2. g3 d5 3. Bg2 e6 4. O-O Be7 5. c4 O-O 6. d4 c6 7. b3 Nbd7 8. Ba3
b6 9. Bxe7 Qxe7 10. Nbd2 Bb7 11. Qc1 Rfe8 12. Qb2 Rad8 13. e3 e5 14. dxe5 Nxe5
15. Nxe5 Qxe5 16. Qxe5 Rxe5 17. Rfd1 Ree8 18. Rac1 c5 19. cxd5 Bxd5 1/2-1/2

[Event "Southern California State Championship"]
[Site "Whittier, CA (USA)"]
[Date "2017.07.09"]
[Round "6"]
[White "Clawitter, Craig"]
[Black "Kukavica, Tony"]
[Result "1/2-1/2"]
[WhiteElo "2197"]
[BlackElo "2170"]
[PlyCount "45"]
[EventDate "2017.07.??"]
[EventRounds "7"]
[EventCountry "USA"]
[SourceDate "2017.07.06"]

1. e4 c5 2. Nf3 e6 3. d4 cxd4 4. Nxd4 Nc6 5. Nc3 Qc7 6. f4 a6 7. Nxc6 bxc6 8.
Bd3 d6 9. O-O Nf6 10. Qf3 Bb7 11. Kh1 Be7 12. Qh3 c5 13. b3 O-O-O 14. Bd2 Kb8
15. e5 Nd5 16. Ne4 Nb6 17. exd6 Bxd6 18. Ba5 Rd7 19. Nc3 Qc6 20. Rad1 Nd5 21.
Be4 Bc7 22. Bxc7+ Qxc7 23. Nxd5 1/2-1/2

[Event "Southern California State Championship"]
[Site "Whittier, CA (USA)"]
[Date "2017.07.09"]
[Round "6"]
[White "Kavutskiy, Konstantin"]
[Black "Peters, Jack"]
[Result "0-1"]
[WhiteElo "2442"]
[BlackElo "2456"]
[PlyCount "106"]
[EventDate "2017.07.??"]
[EventRounds "7"]
[EventCountry "USA"]
[SourceDate "2017.07.06"]

1. d4 Nf6 2. c4 e6 3. Nf3 b6 4. g3 Bb7 5. Bg2 Be7 6. O-O O-O 7. Re1 c5 8. d5
exd5 9. Nh4 Ne4 10. cxd5 Bxh4 11. Bxe4 Bf6 12. Nc3 d6 13. Qc2 h6 14. Bg2 Nd7
15. f4 Re8 16. b3 Bd4+ 17. e3 Nf6 18. Bd2 Bxc3 19. Bxc3 Nxd5 20. Qd2 Nxc3 21.
Bxb7 Rb8 22. Bc6 Ne4 23. Qd3 Qe7 24. a4 Qe6 25. Rad1 Re7 26. Bxe4 Qxe4 27. Qxe4
Rxe4 28. Rxd6 c4 29. bxc4 Rxc4 30. Rd4 Rxd4 31. exd4 Kf8 32. Rc1 Rb7 33. Kf2
Ke7 34. Ke3 Kd6 35. Rc8 Rc7 36. Rd8+ Rd7 37. Ra8 Kc6 38. Kd3 Kb7 39. Rg8 f6 40.
Ke4 a5 41. g4 b5 42. axb5 a4 43. Kd3 a3 44. Re8 a2 45. Re1 Kb6 46. Ra1 Ra7 47.
Ke4 Kxb5 48. Kf5 Kc4 49. d5 Kxd5 50. Kg6 Kc4 51. Rxa2 Rxa2 52. Kxg7 Rxh2 53.
Kxf6 Rf2 0-1